Coffee Producing Countries Quiz Stats

 Plays Quiz Updated Sep 23, 2019

Score 0/20 Timer 06:00
41 Plays Today
Tonnes Country % Correct
2,804,070Brazil
94.2%
728,400Colombia
85.4%
214,667Mexico
80.9%
118,057China
78.3%
222,047Peru
76.4%
304,500India
68.5%
51,500Kenya
62.6%
643,900Indonesia
59.1%
90,916Costa Rica
58.5%
231,536Guatemala
53.3%
Tonnes Country % Correct
282,230Honduras
53.1%
1,406,469Vietnam
46.7%
74,454Philippines
45.7%
419,980Ethiopia
42.6%
113,580Laos
40.8%
89,700Nicaragua
40.3%
220,135Uganda
26.9%
55,527Papua New Guinea
24.9%
57,340Madagascar
23.8%
106,944Côte d'Ivoire
23.5%

You're not logged in!

Compare scores with friends on all Sporcle quizzes.
OR
Log In

Sporcle TV

Today on Sporcle TV


Watch our educational content, quiz creation guides, and fun videos on Sporcle TV.

Show Comments

Extras

Top Quizzes Today


Score Distribution

Your Account Isn't Verified!

In order to create a playlist on Sporcle, you need to verify the email address you used during registration. Go to your Sporcle Settings to finish the process.

Report this User

Report this user for behavior that violates our Community Guidelines.

Details: